| 000 | 00572nam a22001937a 4500 | ||
|---|---|---|---|
| 003 | OSt | ||
| 005 | 20260305074041.0 | ||
| 008 | 260119b |||||||| |||| 00| 0 eng d | ||
| 020 | _a9789712723056. | ||
| 040 |
_aDWCL-Main Lib _cOC |
||
| 082 | _aProf. 808.51 C957p 2009 | ||
| 100 | _aCruz-Tapalla, Wilma / Tapalla, Valerie C. | ||
| 245 | _aPublic speaking and personality development | ||
| 260 |
_aPasig City : _b Anvil Pub. ,Inc, _cc 2009 |
||
| 300 |
_aiv, 250 pages ; _c23 cm. |
||
| 650 | _aPublic speaking. | ||
| 650 | _aPersonality. | ||
| 942 |
_2ddc _cPROF. _n0 _mProf. |
||
| 999 |
_c7556 _d7556 |
||